[Event "Mittelrhein Verbandsliga Sued 1920"]
[Site "Mittelrhein"]
[Date "2020.01.19"]
[Round "5.8"]
[White "Fieberg, Christoph"]
[Black "Muhr, Juergen"]
[Result "1/2-1/2"]
[WhiteElo "1735"]
[BlackElo "1776"]
[PlyCount "54"]
[EventDate "2019.09.29"]
[EventType "team-tourn"]
[EventRounds "9"]
[EventCountry "GER"]
[SourceTitle "EXT 2023"]
[Source "ChessBase"]
[SourceDate "2022.10.05"]
[SourceVersion "1"]
[SourceVersionDate "2022.10.05"]
[SourceQuality "1"]
[WhiteTeam "Koeln Porz IV"]
[BlackTeam "Sankt Augustin Turm"]
[WhiteTeamCountry "GER"]
[BlackTeamCountry "GER"]

1. e4 c5 2. Nf3 Nc6 3. d4 cxd4 4. Nxd4 e5 5. Nb5 d6 6. N1c3 a6 7. Na3 Nf6 8. Bg5 Be7 9. Bxf6 Bxf6 10. Nd5 0-0 11. g3 b5 12. c3 Bb7 13. Bg2 Be7 14. Qd3 Re8 15. 0-0 Bf8 16. Rfd1 Ne7 17. Ne3 Nc8 18. Rd2 g6 19. Rad1 Nb6 20. c4 b4 21. Nac2 a5 22. Ne1 Nd7 23. Nd5 Rc8 24. b3 Nc5 25. Qe3 Ne6 26. Qa7 Bxd5 27. Rxd5 Rc5 1/2-1/2

[Event "Mittelrhein Verbandsliga-S 18/19"]
[Site "Nordrheinwestfalen"]
[Date "2019.05.05"]
[Round "10.7"]
[White "Muhr, Juergen"]
[Black "Koegler, Christof"]
[Result "0-1"]
[WhiteElo "1780"]
[BlackElo "2010"]
[PlyCount "68"]
[EventDate "2018.09.02"]
[EventType "team-tourn"]
[EventRounds "11"]
[EventCountry "GER"]
[SourceTitle "EXT 2022"]
[Source "ChessBase"]
[SourceDate "2021.10.06"]
[SourceVersion "1"]
[SourceVersionDate "2021.10.06"]
[SourceQuality "1"]
[WhiteTeam "St Augustin Turm"]
[BlackTeam "Godesberg II"]
[WhiteTeamCountry "GER"]
[BlackTeamCountry "GER"]

1. c4 c5 2. Nc3 Nf6 3. Nf3 g6 4. e3 Bg7 5. d4 cxd4 6. exd4 d5 7. cxd5 Nxd5 8. Nxd5 Qxd5 9. Be2 Nc6 10. Be3 0-0 11. 0-0 Rd8 12. Qa4 Bd7 13. Qb5 Qxb5 14. Bxb5 a6 15. Ba4 Nxd4 16. Bxd4 Bxa4 17. Bxg7 Kxg7 18. Rac1 Rac8 19. b3 Bc6 20. Ne5 Bd5 21. h3 f6 22. Ng4 Rxc1 23. Rxc1 Bc6 24. Rc3 Rd1+ 25. Kh2 Kf7 26. Ne3 Rd2 27. Rc2 Rxc2 28. Nxc2 e5 29. f3 Ke6 30. Kg3 f5 31. Kf2 f4 32. g3 g5 33. g4 e4 34. fxe4 Bxe4 0-1

[Event "Mittelrhein Verbandsliga-S 18/19"]
[Site "Nordrheinwestfalen"]
[Date "2019.04.07"]
[Round "9.8"]
[White "Muhr, Juergen"]
[Black "Jonas, Rainer"]
[Result "1-0"]
[WhiteElo "1780"]
[BlackElo "1798"]
[PlyCount "117"]
[EventDate "2018.09.02"]
[EventType "team-tourn"]
[EventRounds "11"]
[EventCountry "GER"]
[SourceTitle "EXT 2022"]
[Source "ChessBase"]
[SourceDate "2021.10.06"]
[SourceVersion "1"]
[SourceVersionDate "2021.10.06"]
[SourceQuality "1"]
[WhiteTeam "St Augustin Turm"]
[BlackTeam "Rheinbacher SF"]
[WhiteTeamCountry "GER"]
[BlackTeamCountry "GER"]

1. c4 Nf6 2. Nf3 g6 3. d4 Bg7 4. Nc3 0-0 5. e4 d6 6. g3 Nc6 7. Bg2 a6 8. 0-0 Na5 9. b3 c5 10. Bb2 Rb8 11. Re1 b5 12. cxb5 axb5 13. e5 Ng4 14. exd6 exd6 15. dxc5 dxc5 16. Qxd8 Rxd8 17. Rad1 Be6 18. Bf1 b4 19. Na4 c4 20. Bxg7 Kxg7 21. Rxd8 Rxd8 22. Ng5 cxb3 23. Nxe6+ fxe6 24. axb3 Nxb3 25. Rb1 Nd2 26. Rxb4 Nxh2 27. Be2 Nhf3+ 28. Kg2 Nd4 29. Nc5 Rd5 30. Rxd4 Rxc5 31. Rxd2 h5 32. Rd4 Kf6 33. Rd8 Rc6 34. Rf8+ Kg7 35. Ra8 Kf6 36. Ra6 Rc5 37. f4 Rc3 38. Bf3 g5 39. fxg5+ Kxg5 40. Rxe6 Rc5 41. Re8 Ra5 42. Kh3 Rc5 43. Rd8 h4 44. Rg8+ Kh6 45. Rh8+ Kg6 46. Kxh4 Rc4+ 47. g4 Rc3 48. Be4+ Kg7 49. Rh7+ Kg8 50. Rd7 Re3 51. Bf5 Ra3 52. Kg5 Ra6 53. Re7 Kf8 54. Re6 Ra7 55. Kh6 Kf7 56. g5 Ra1 57. g6+ Kf8 58. g7+ Kf7 59. Bg6+ 1-0

[Event "Mittelrhein Verbandsliga-O 16/17"]
[Site "Nordrheinwestfalen"]
[Date "2017.01.08"]
[Round "6"]
[White "Muhr, Juergen"]
[Black "Wagner, Rainer"]
[Result "1/2-1/2"]
[WhiteElo "1826"]
[BlackElo "2008"]
[PlyCount "94"]
[EventDate "2016.09.11"]
[EventType "team-tourn"]
[EventRounds "11"]
[EventCountry "GER"]
[SourceTitle "EXT 2022"]
[Source "ChessBase"]
[SourceDate "2021.10.06"]
[SourceVersion "1"]
[SourceVersionDate "2021.10.06"]
[SourceQuality "1"]
[WhiteTeam "St Augustin Turm"]
[BlackTeam "Bonn Stadtverwaltung"]
[WhiteTeamCountry "GER"]
[BlackTeamCountry "GER"]

1. e4 c5 2. Nf3 d6 3. d4 cxd4 4. Nxd4 Nf6 5. Nc3 a6 6. a4 e5 7. Nf3 Be7 8. Be2 Qc7 9. 0-0 Be6 10. Ng5 Bc4 11. Bxc4 Qxc4 12. Qd3 Qxd3 13. cxd3 Nc6 14. Nf3 0-0 15. Be3 Rfd8 16. d4 Ng4 17. d5 Nxe3 18. fxe3 Nb4 19. Ne1 Rdc8 20. Rf2 Bd8 21. Rd2 Bb6 22. Kf2 Ba5 23. Ke2 Rc4 24. Nd3 Nxd3 25. Kxd3 Rac8 26. Rc2 Kf8 27. Rac1 Ke7 28. Na2 Rxc2 29. Rxc2 Rxc2 30. Kxc2 h5 31. b4 Bb6 32. Kd3 g5 33. h3 g4 34. h4 Kf6 35. Nc1 Kg6 36. Ne2 Bd8 37. g3 Kf6 38. Nc1 Ke7 39. Nb3 Kd7 40. Nd2 Kc7 41. Nc4 Be7 42. a5 Kd7 43. Nb6+ Kc7 44. Nc4 Bd8 45. Nb6 Kb8 46. Nc4 Bc7 47. Ke2 Ka7 1/2-1/2